Инфраструктура рынка практикум. направление подготовки 38.03.02 – менеджмент. профили: «маркетинг»; «международный менеджмент»; «менеджмент организаций»; «финансовый менеджмент»; «инновационный менеджмент». бакалавриат
Пособие составлено в соответствии с требованиями ФГОС ВО, учебным планом и программой дисциплины. Содержат курс практических занятий, включающих основные теоретические аспекты, вопросы и задания по всем представленным темам дисциплины, литературу. Предназначено для студентов, обучающихся по направле...
Spremljeno u:
| Format: | Книга |
|---|---|
| Jezik: | Russian |
| Izdano: |
Ставрополь
СКФУ
2016
|
| Online pristup: | https://e.lanbook.com/book/155558 https://e.lanbook.com/img/cover/book/155558.jpg |
| Oznake: |
Dodaj oznaku
Bez oznaka, Budi prvi tko označuje ovaj zapis!
|
| LEADER | 01872nam0a2200241 i 4500 | ||
|---|---|---|---|
| 001 | 155558 | ||
| 003 | RuSpLAN | ||
| 005 | 20221220174107.0 | ||
| 008 | 221220s2016 ru gs 000 0 rus | ||
| 040 | |a RuSpLAN | ||
| 041 | 0 | |a rus | |
| 044 | |a ru | ||
| 080 | |a 339.17 (075.8) | ||
| 084 | |a 65.011.3 я73 |2 rubbk | ||
| 245 | 0 | 0 | |a Инфраструктура рынка |b практикум. направление подготовки 38.03.02 – менеджмент. профили: «маркетинг»; «международный менеджмент»; «менеджмент организаций»; «финансовый менеджмент»; «инновационный менеджмент». бакалавриат |
| 260 | |a Ставрополь |b СКФУ |c 2016 | ||
| 300 | |a 127 с. | ||
| 504 | |a Библиогр.: доступна в карточке книги, на сайте ЭБС Лань | ||
| 520 | 8 | |a Пособие составлено в соответствии с требованиями ФГОС ВО, учебным планом и программой дисциплины. Содержат курс практических занятий, включающих основные теоретические аспекты, вопросы и задания по всем представленным темам дисциплины, литературу. Предназначено для студентов, обучающихся по направлению подготовки 38.03.02 – Менеджмент. Дисциплина изучается в 6 семестре. | |
| 521 | 8 | |a Книга из коллекции СКФУ - Экономика и менеджмент | |
| 856 | 4 | |u https://e.lanbook.com/book/155558 | |
| 856 | 4 | 8 | |u https://e.lanbook.com/img/cover/book/155558.jpg |
| 953 | |a https://e.lanbook.com/img/cover/book/155558.jpg | ||